000 00429nam a2200181Ia 4500
001 25139
005 20260414151130.0
008 260414t2022||||xx |||||||||||||| ||spa||
041 _aESP
082 _a346.2
_bT19
100 _aTantaleán Odar, Reynaldo Mario
_eAUT
245 0 _aDerecho de familia
_b
260 _c2022
300 _a461 páginas :
_c25 cm.
650 _aDER
654 _aCDE
942 _cLIB
_dJUS
_fJUS
_2ddc
_n
999 _c25139
_d25139